000 00475cam a2200145 4500500
005 20260315004845.0
041 _afre
042 _adc
100 1 0 _aCaire-Jabinet,
_eauthor
245 0 0 _aA la recherche du prĂȘtre Jean
260 _c2017.
500 _a89
786 0 _nL'Histoire - Les Collections | 74 | 1 | 2017-01-05 | p. 38-41 | 2727-6945
856 4 1 _uhttps://shs.cairn.info/magazine-hist-l-hisoire-les-collections-2017-1-page-38?lang=fr&redirect-ssocas=7080
999 _c1700096
_d1700096